Toward Eradicating Hunger and Poverty (Record no. 343788)

000 -LEADER
fixed length control field 00374 a2200133 4500
082 ## - DEWEY DECIMAL CLASSIFICATION NUMBER
Classification number 363.8
090 ## - LOCALLY ASSIGNED LC-TYPE CALL NUMBER (OCLC); LOCAL CALL NUMBER (RLIN)
-- 1263
-- 1263
100 ## - MAIN ENTRY--PERSONAL NAME
Personal name Dil,Anwar
245 ## - TITLE STATEMENT
Title Toward Eradicating Hunger and Poverty
Remainder of title Life and work of Per Pinstrup-Andersen
Statement of responsibility, etc. Anwar Dil
260 ## - PUBLICATION, DISTRIBUTION, ETC.
Place of publication, distribution, etc. Islamabad
Name of publisher, distributor, etc. Inter cultural Forum
Date of publication, distribution, etc. 2003
300 ## - PHYSICAL DESCRIPTION
Extent 616p
500 ## - GENERAL NOTE
General note Hard cover
942 ## - ADDED ENTRY ELEMENTS (KOHA)
Institution code [OBSOLETE] NBS
Koha item type Book
Call number prefix 363.8 DIL
Holdings
Withdrawn status Lost status Damaged status Not for loan Permanent Location Current Location Date acquired Total Checkouts Full call number Barcode Date last seen Date last checked out Price effective from Koha item type
        Central Library (CL) Central Library (CL) 08/28/2013 1 363.8 DIL NBS4759 11/23/2017 08/22/2017 08/28/2013 Book
© 2023 Central Library, National University of Sciences and Technology. All Rights Reserved.